00530nam a22001817a 450000500170000001000150001702000260003203500140005803700130007208200160008510000190010124500400012026000410016027000890020130000210029070000200031170000170033120260424112346.0 aENG-148340 a9788196866358c400.00 aEN-131872 bDBAD/PUB a658.150521 aCh, Raja Kamal aFinancial ManagementcRaja Kamal Ch bShanlax Publications,aMaduraic2024 a61,66 T.P.K. Main Road, Vasantha Nagar, Madurai - 625003bTamil Nadu, Indiae625003 a194.pgc24cm(pb) aVinaysagar L.S. aSantosh J.V.